Bubbles, voids and bumps in time : the new cosmology
Αποθηκεύτηκε σε:
| Άλλοι συγγραφείς: | |
|---|---|
| Μορφή: | Βιβλίο |
| Γλώσσα: | English |
| Δημοσίευση: |
Cambridge :
Cambridge University Press,
1989
|
| Θέματα: | |
| Ετικέτες: |
Προσθήκη ετικέτας
Δεν υπάρχουν, Καταχωρήστε ετικέτα πρώτοι!
|
MARC
| LEADER | 00000nam a2200000 i 4500 | ||
|---|---|---|---|
| 001 | 1/74212 | ||
| 008 | 990505s1989 eng d | ||
| 020 | |a 0-521-42673-1 | ||
| 035 | |l 10049006 | ||
| 040 | |a GR-MY-UA |b gre |e aacr | ||
| 041 | 0 | |a eng | |
| 082 | 0 | |a 523.1 | |
| 245 | 1 | 0 | |a Bubbles, voids and bumps in time : |b the new cosmology / |c edited by James Cornell |
| 260 | |a Cambridge : |b Cambridge University Press, |c 1989 | ||
| 300 | |a xiii, 190 p.; |b ill.; |c 23 cm. | ||
| 500 | |a "Lectures presented at the spring 1987 Lowell Institute series given in Boston and Washington" | ||
| 500 | |a Includes bibliographical references and index | ||
| 650 | 0 | 0 | |a Cosmology. |
| 650 | 0 | 0 | |a Astrophysics. |
| 700 | 1 | |a Cornell, James. |4 edt | |
| 852 | |a INST |b SAMOS |e 19990505 |h 523.1 BUB |p 005300012727 |q 005300012727 |t BK |y 0 | ||
| 901 | |a BIBL-1999-2 | ||
| 909 | |a Σ |b 063751 | ||
| 922 | |a 3ΕΛΗ |b 199901 |c ΚΠΣ |d GLORY | ||